000 00451nam a2200205Ia 4500
001 14497
003 GE_BSU
008 181216s||||||||xx |||||||||||||| ||und||
020 _a034911869
040 _cGE_BSU
080 _a1
100 _aSmith, Alexander McCall
245 4 _aThe Sunday Philosophy Club
260 _aLondon
260 _bAbacus
260 _c2004
300 _a297p.20cm.
653 _aThe Sunday Philosophy Club
942 _cBK
999 _c47628
_d47628